Bodensee /

Saved in:
Bibliographic Details
Main Author: Unterkofler, Gerhard.
Format: Book
Language:German
Published: Stuttgart : Pietsch, [1998]
Series:Rad aktiv.
Subjects:
Tags: Add Tag
No Tags, Be the first to tag this record!
LEADER 00714nam a2200241 a 4500
001 007828709-X
005 20090713020650.0
008 980630s1998 gw ab 001|0 ger d
020 |a 3613502984 
035 0 |a ocm45819147 
043 |a e-gx--- ;  |a e-sz--- ;  |a e-au--- 
100 1 |a Unterkofler, Gerhard. 
245 1 0 |a Bodensee /  |c Gerhard Unterkofler. 
260 |a Stuttgart :  |b Pietsch,  |c [1998] 
300 |a 190 p. :  |b col. ill., maps ;  |c 21 cm. 
490 1 |a Rad aktiv 
500 |a Includes index. 
651 0 |a Constance, Lake  |v Guidebooks. 
651 0 |a Constance, Lake  |x Description and travel. 
650 0 |a Bicycle touring  |z Constance, Lake of  |v Guidebooks. 
830 0 |a Rad aktiv. 
988 |a 20020608 
906 |0 MH